000
003400000a22001570004500
005
20120302062822.0
942
_c
BOOK
100
_a
PANDIT ,JAGANNATH
245
_a
RASA GANGADHAR
250
_a
5 TH
260
_a
MUMBAI : NIRNAYA SAGAR PRESS
300
_a
706 P.
040
_a
SAN
365
_b
RS.4/-
650
_a
AYURVED / RASA
999
_c
357758
_d
357755